01526nam a2200349 a 4500001001000000003000500010005001700015008004100032010001100073011001100084040000900095090001000104100004000114245015700154260004100311500006000352502011900412590004000531590004000571650004200611650004500653650002800698650003300726650003900759856007000798901000700868942001000875942000600885999001900891952013100910952013501041000113531CHAP20220329144359.0170801s2016 mx sm |||||||spa d a109992 a110964 cCHAP aTesis1 aGuerrero Ramírez, Jesús912691110aComportamiento productivo y calidad del huevo de gallina en sistemas de avicultura familiar de transpatioh[En línea]cpor Jesús Guerrero Ramírez. aChapingo, Méx. :bEl autor,c2016. aPara ver el contenido del material haga clic en la liga aTesis (M.C. en Innovación Ganadera) -- UACH. Departamento de Enseñanza Investigación y Servicio en Zootecnia aE5765TAJb05c20170801lUCH01h0856 aE5765TAJb05c20170801lUCH01h085614aAves de corralxAlimentación.9863814aAviculturaxAspectos económicos.9870714aHuevosxCalidad.95674214aHuevosxProducción.95675914aYema de huevoxAnálisis.9132912 aFinding aiduhttp://10.13.5.2/tesis/sist113531.pdfzTeclea aquí aBK cTESIS n0 c109992d109992 00104054718TESISaBCbBCd2017-08-01fTESISl0oTesisp113532-10r2019-12-31 00:00:00w2019-12-31yTESISzRecien adquirido 00102local4053708TESISaBCbBCcPA_TESISd2017-08-01fTESISl0oTesisp113532-20r2019-12-31 00:00:00tc.2w2019-12-31yTESIS